Statystyki dla Państwa graniczące z Wspólnotą Niepodległych Państw

Kliknij tutaj aby rozwiązać quiz!

Ogólne statystyki

  • Ten quiz został rozwiązany 16 razy
  • Średni wynik to 13 z 16

Statystyki odpowiedzi

Odpowiedź% Poprawnych
Chiny
94%
Polska
94%
Estonia
88%
Finlandia
88%
Litwa
88%
Łotwa
88%
Mongolia
88%
Turcja
88%
Ukraina
88%
Afganistan
81%
Gruzja
81%
Iran
81%
Norwegia
81%
Korea Północna
75%
Rumunia
63%
Turkmenistan
38%

Rozkład punktacji

Percentyl według liczby udzielonych odpowiedzi

Procent ludzi z każdym wynikiem

Twoja historia wyników

Nie rozwiązałeś tego quizu